El realismo /

Guardado en:
Autor Principal: Nochlin, Linda
Formato: Libro
Publicado: Madrid : Alianza, 1991
Series:Alianza Forma ; 109
Materias:
Etiquetas: Agregar Etiqueta
Sin Etiquetas, Sea el primero en etiquetar este registro!
LEADER 00561nam a22002055a 4500
001 EHU.bham026643
003 AR-BHAM
005 20110510104616.0
008 130507s1991##################000#0#####d
082 7 0 |a 709.034 
100 1 |a Nochlin, Linda 
245 1 0 |a El realismo /  |c Linda Nochlin 
260 |a Madrid :  |b Alianza,  |c 1991 
300 |a 247 p. 
490 0 |a Alianza Forma ; 109 
500 |a Trad. Por Jose Antonio Suarez 
653 |a Realismo 
653 |a Artes plasticas 
653 |a Heroe 
859 |a AR-BHAM  |b BIB. HUMANIDADES - General  |h 709.034  |i N672  |p 421.04  |t Ej.1